书目信息 |
| 题名: |
机械基础
|
|
| 作者: | ;常州无线电学校 编 | |
| 分册: | ||
| 出版信息: | 南京 江苏科学技术出版社 1983.3 |
|
| 页数: | 526页 | |
| 开本: | 26cm | |
| 丛书名: | ||
| 单 册: | ||
| 中图分类: | TH111 | |
| 科图分类: | ||
| 主题词: | 机构学 | |
| 电子资源: | ||
| ISBN: | ||
| 000 | 00503nam0 2200181 45 | |
| 001 | 0312221749 | |
| 005 | 20060425154059.43 | |
| 010 | @dCNY3.20 | |
| 100 | @a20031222d1983 km y0chiy0120 ea | |
| 101 | @achi | |
| 200 | 1 | @a机械基础@AJi Xie Ji Chu@f常州无线电学校编@FChang Zhou Wu Xian Dian Xue Xiao Bian |
| 210 | @a南京@c江苏科学技术出版社@d1983.3 | |
| 215 | @a526页@d26cm | |
| 606 | 0 | @a机构学 |
| 690 | @aTH111@v3 | |
| 711 | 0 | @a常州无线电学校@4编 |
| 801 | @aCN@bTSTCL@c20060425 | |
| 905 | @a213230@dTH111@e17 | |
| 机械基础/常州无线电学校编.-南京:江苏科学技术出版社,1983.3 |
| 526页;26cm |
| ISBN :CNY3.20 |
| ● |
| 相关链接 |
|
|
|
|
正题名:机械基础
索取号:TH111/17
 
预约/预借
| 序号 | 登录号 | 条形码 | 馆藏地/架位号 | 状态 | 备注 |
| 1 | 0101861 | 202273315 | 密集书库/ [索取号:TH111/17] | 在馆 | |
| 2 | 0101862 | 202289923 | 密集书库/ [索取号:TH111/17] | 在馆 | |
| 3 | 0101863 | 001363982 | 第二样本阅览室/ [索取号:TH111/17] | 在馆 |